Music Quiz

Random Music or Kpop Quiz

Random Kpop ; Can You answer Them All ? Quiz Stats

 Plays Quiz not verified by Sporcle

Score 0/40 Timer 10:00
0 Plays Today
Q A % Correct
Who is Super Junior's Maknae?Kyuhyun
93.1%
Beast's Main Vocalist?Yoseob
91.7%
Big Bang's Leader?GDragon
88.9%
Snsd's Leader ?Taeyeon
87.7%
Super junior's Leader ?Leeteuk
86.8%
Dara's Brother?Thunder
86.8%
Big Bang's Maknae?Seungri
86.4%
2ne1's Main Dancer?Minzy
85.3%
F(x)'s Leader?Victoria
83.7%
MBLAQ's Maknae?Mir
83.1%
Jessica's Sister?Krystal
82.5%
Snsd's Maknae?Seohyun
82.3%
Strongest in 2pm?Taecyeon
78.8%
B.A.P's Maknae?Zelo
78.7%
Block B's Leader?Zico
74.6%
Cn Blue's Leader?Yong hwa
74.5%
2pm Member in WGM ?Nichkhun
74.1%
2am's Leader?Jokwon
72.5%
Beast's Rapper ?Junhyung
71%
Who From T-ara Was From Dream High 1? Eunjung
70%
Q A % Correct
From Beg Who was in WGM?Gain
68.5%
Kara's Leader ?Gyuri
65%
Who From Beast is Good Friends With 2pm?Doojoon
63.9%
After School's Maknae?Lizzy
63.1%
2pm's Ang Ang?Wooyoung
62.8%
Who Was On Hello Baby Season 5?MBLAQ
60.9%
Former Member From Wonder Girls?Hyuna
59.6%
SS501's Leader?Hyun Joong
59.2%
2pm's Former Member?Jaebeom
58%
Who From Played Jeremy in Youre Beautiful?Hong ki
57.9%
Who's Tallest in 2am?Seulong
57.6%
Who Was Starred in Hyuna's Bubble Pop?Lee joon
55.5%
Yoseob's Crush / Ideal girlIu
50.7%
In The Song I Remeber ; Who Was Yoseob Singing With?Yongguk
49.1%
Who Rapped in Gummy's Song Sorry?TOP
32.6%
Who Was Featured in Bang and Zelo's Never Give Up ?Hyosung
30.2%
What is Iu's Real Name?Lee Ji Eun
29%
Who Won Immortal Song 2 in the 1st ep?Hyo rin
19.7%
Dream High's Cute Couple ? (s1)Milky Couple
14.9%
Main Cabi Couple?Tacyeon and Yoona
2.2%

You're not logged in!

Compare scores with friends on all Sporcle quizzes.
OR
Log In

You Might Also Like...

Show Comments

Extras

Created Jun 3, 2012SourceReportNominate
Tags:Kpop Quiz

Top Quizzes Today


Score Distribution

Your Account Isn't Verified!

In order to create a playlist on Sporcle, you need to verify the email address you used during registration. Go to your Sporcle Settings to finish the process.

Report this User

Report this user for behavior that violates our Community Guidelines.

Details: